| 000 | 00436nam a2200181 a 4500 | ||
|---|---|---|---|
| 001 | 1773220478066 | ||
| 003 | YourLibrary | ||
| 005 | 20260311144731.0 | ||
| 008 | 260311s2008##################000#0#eng## | ||
| 020 | _a9780415498371 | ||
| 082 | 0 | 4 |
_a362.18 _bNIC |
| 100 | 1 |
_aAuthors, Various, _eauthor. |
|
| 245 | 1 | 0 | _aTsur 50. 6 : |
| 260 | _c2008. | ||
| 650 | 0 | _aHistory. | |
| 942 | _cENGLISH | ||
| 040 |
_aYourLibrary _beng _cYourLibrary |
||
| 999 |
_c617532 _d617532 |
||